000 00783 a2200229 4500
020 _a0195142527
020 _a0195142527
022 _a0195142527
040 _aDLC
_bDLC
082 _a621.381
100 1 _aSedra, Adel S.
245 1 0 _aMicroelectronic circuits
_cAdel S. Sedra, Kenneth C. Smith.
250 _a5th ed.
260 _aNew York :
_bOxford University Press,
_c2004.
300 _axxx, 1283, [76] p. :
_bill. (some col.) ;
_c26 cm. +
_e1 CD-ROM (4 3/4 in.)
440 4 _aThe Oxford series in electrical and computer engineering.
538 _aSystem requirements for accompanying CD-ROM: IBM PC or compatible, CD-ROM drive.
650 0 _aElectronic circuits.
650 0 _aIntegrated circuits.
700 1 _aSmith, Kenneth Carless.
942 _cBK
_k621.381 SED
_2ddc
999 _c4579
_d4579